German Country Names Asia - Statistics

General Stats
  • This quiz has been taken 8 times
  • The average score is 14 of 15
Answer Stats
English German % Correct
Iraq Irak
100%
Yemen Jemen
100%
Qatar Katar
100%
Thailand Thailand
100%
Türkiye Türkei
100%
Azerbaijan Aserbaidschan
88%
Jordan Jordanien
88%
Kazakhstan Kasachstan
88%
Kyrgyzstan Kirgisistan
88%
Philippines Philippinen
88%
Singapore Singapur
88%
Tajikistan Tadschikistan
88%
United Arab Emirates Vereinigte Arabische Emirate
88%
Cambodia Kambodscha
75%
Maldives Malediven
75%
No matching quizzes found
Score Distribution
Percent of People with Each Score
Percentile by Number Answered
Your Score History
You have not taken this quiz